[Event "Gothenburg"]
[Site "Gothenburg"]
[Date "1971.??.??"]
[Round "1"]
[White "Andersson, Ulf"]
[Black "Jansson, Borje"]
[Result "1-0"]
[WhiteElo "2510"]
[BlackElo "2410"]

1.Nf3 g6 2.d4 Bg7 3.g3 c5 4.c3 Nf6 5.Bg2 O-O 6.O-O d6 7.Na3 cxd4 8.Nxd4 a6
9.c4 Qc7 10.b3 Nc6 11.Nac2 Rb8 12.Bb2 Bd7 13.Qd2 Nxd4 14.Nxd4 Bc6 15.Nxc6 bxc6
16.Bc3 c5 17.Rab1 Ng4 18.Ba5 Qd7 19.Rbd1 Ne5 20.Qd5 Rfc8 21.Bc3 Rc7 22.Bxe5 Bxe5
23.Rd3 a5 24.Rfd1 Bf6 25.h4 a4 26.h5 axb3 27.axb3 Qe6 28.Qf3 Ra7 29.Re3 Be5
30.hxg6 hxg6 31.Qc6 Qc8 32.Qd5 Ra3 33.Rdd3 Kg7 34.Rxe5 dxe5 35.Qxe5+ Kg8
36.Qxe7 Raxb3 37.Rd7 Qf8 38.Bd5 Qxe7 39.Rxe7 Rf8 40.Rc7 Rb1+ 41.Kg2 Kg7 42.Rxc5 g5
43.f4 f5 44.Kf2 Rb2 45.Rc7+ Kg6 46.Rc6+ Rf6 47.Rc8 gxf4 48.gxf4 Ra6 49.Bf3 Rb3
50.Kg3 Rc3 51.Kh4 Rc1 52.c5 Rg1 53.Rg8+  1-0

[Event "Gothenburg"]
[Site "Gothenburg"]
[Date "1971.??.??"]
[Round "2"]
[White "Andersson, Ulf"]
[Black "Spassky, Boris V"]
[Result "1/2-1/2"]
[WhiteElo "2510"]
[BlackElo "2690"]

1.Nf3 d5 2.b3 c5 3.Bb2 Nc6 4.e3 a6 5.d4 cxd4 6.Nxd4 Nf6 7.Nd2 e6 8.Be2 Bd6
9.c4 O-O 10.cxd5 exd5 11.O-O Re8 12.Rc1 Bd7 13.Nxc6 bxc6 14.Bf3 a5 15.Bd4 Ba3
16.Rc2 a4 17.Qa1 Bb4 18.Bc3 Qe7 19.Bxb4 Qxb4 20.a3 axb3 21.axb4 Rxa1 22.Nxb3 Rxf1+
23.Kxf1 Rb8 24.Nd4 Rb6 25.Ke1 Kf8 26.Kd2 Ke7 27.Kc3 Ra6 28.Re2 Kd6 29.Nb3 Bf5
30.Nc5 Ra1 31.e4 dxe4 32.Bxe4 Nxe4+ 33.Nxe4+ Kd5 34.Ng3 Be6 35.f4 Ra3+ 36.Kb2 Rd3
37.f5 Bc8 38.Re7 g6 39.Rxf7 gxf5 40.Kc2 Ra3 41.Kb2 Ra4 42.Nxf5 Rxb4+ 43.Kc3 Rb7
44.Rf8 Be6 45.Nd4 Bf7 46.Rc8 Rb1 47.Rc7 Rc1+ 48.Kd2 Rf1 49.Rd7+ Kc5 50.Nf3 Bg6
51.Ke3 Ra1  1/2-1/2

[Event "Gothenburg"]
[Site "Gothenburg"]
[Date "1971.??.??"]
[Round "3"]
[White "Romanishin, Oleg M"]
[Black "Andersson, Ulf"]
[Result "1/2-1/2"]
[WhiteElo "2200"]
[BlackElo "2510"]

1.e4 e6 2.d4 d5 3.Nc3 Bb4 4.e5 Qd7 5.Nf3 b6 6.a4 Ne7 7.Bd3 Ba6 8.Bxa6 Nxa6
9.Qd3 Nb8 10.O-O Ng6 11.Ne2 Nc6 12.Bd2 O-O 13.Rfc1 f6 14.exf6 Bxd2 15.Qxd2 Rxf6
16.Ra3 Raf8 17.Rd3 e5 18.dxe5 Rxf3 19.Rxf3 Rxf3 20.gxf3 Ncxe5 21.Kg2 Nh4+
22.Kh1 Nexf3 23.Qf4 Qh3 24.Qg3 Qe6 25.Ng1 Qe4 26.Nxf3 Nxf3 27.Kg2 Nh4+ 28.Kg1 h6
29.h3 Nf3+ 30.Kg2 Ng5+ 31.Kh2 Nf3+ 32.Kg2 Ng5+ 33.Kh2 c5 34.Qg4 Qe5+ 35.f4 Qe3
36.fxg5 Qxc1 37.Qe6+ Kf8 38.Qd6+ Ke8 39.Qe6+  1/2-1/2

[Event "Gothenburg"]
[Site "Gothenburg"]
[Date "1971.??.??"]
[Round "5"]
[White "Bilek, Istvan"]
[Black "Andersson, Ulf"]
[Result "1/2-1/2"]
[WhiteElo "2490"]
[BlackElo "2510"]

1.d4 Nf6 2.c4 e6 3.Nf3 Bb4+ 4.Nbd2 b6 5.e3 O-O 6.Bd3 Bb7 7.O-O c5 8.dxc5 Bxc5
9.a3 d5 10.b4 Be7 11.Bb2 Nbd7 12.Qb1 dxc4 13.Nxc4 Rc8 14.Rc1 h6 15.e4 Ne8
16.Ncd2 Rxc1+ 17.Qxc1 Bf6 18.Bb5 Bxb2 19.Qxb2 Nd6 20.Bd3 Qb8 21.Rd1 Rd8 22.h3 Nf8
23.Re1 Nc8 24.Bf1 Ne7 25.Rc1  1/2-1/2

[Event "Gothenburg"]
[Site "Gothenburg"]
[Date "1971.??.??"]
[Round "6"]
[White "Andersson, Ulf"]
[Black "Hort, Vlastimil"]
[Result "1-0"]
[WhiteElo "2510"]
[BlackElo "2605"]

1.Nf3 Nf6 2.c4 c6 3.b3 d5 4.Bb2 Bg4 5.e3 Nbd7 6.Be2 e6 7.O-O Bd6 8.d3 O-O
9.Nbd2 Qe7 10.Nd4 Bxe2 11.Qxe2 Ba3 12.Bxa3 Qxa3 13.f4 Qe7 14.N2f3 c5 15.Nb5 e5
16.Rfe1 e4 17.dxe4 dxe4 18.Ng5 Rfd8 19.Rad1 Nf8 20.Rxd8 Rxd8 21.Rd1 h6 22.Nh3 Ng6
23.g3 a6 24.Rxd8+ Qxd8 25.Nc3 Ne7 26.Nf2 Nf5 27.Nfxe4 Nxe4 28.Nxe4 Qe7 29.Qd3 Nxe3
30.Qxe3 f5 31.Qxc5 Qxe4 32.Qd5+ Qxd5 33.cxd5 Kf7 34.Kf2 Ke7 35.Ke3 Kd6 36.Kd4 g5
37.h4  1-0

[Event "Gothenburg"]
[Site "Gothenburg"]
[Date "1971.??.??"]
[Round "7"]
[White "Kinnmark, Ove"]
[Black "Andersson, Ulf"]
[Result "0-1"]
[WhiteElo "2410"]
[BlackElo "2510"]

1.e4 g6 2.d4 Bg7 3.c3 d6 4.f4 Nf6 5.e5 Nd5 6.Bc4 Nb6 7.Bb3 O-O 8.Nf3 c5 9.O-O cxd4
10.cxd4 Nc6 11.h3 Na5 12.Bc2 Nd5 13.Qe1 b6 14.Na3 Nc6 15.Be4 dxe5 16.dxe5 Ba6
17.Rf2 e6 18.Bd2 Rc8 19.b4 Nce7 20.b5 Bb7 21.Rb1 Rc5 22.Rb3 Qd7 23.g4 Rfc8
24.h4 R8c7 25.h5 Qc8 26.Rf1 f5 27.exf6 Nxf6 28.Bxb7 Rxb7 29.h6 Bh8 30.Re3 e5
31.Nxe5 Nxg4 32.Re4 Nxe5 33.fxe5 Qe6 34.Bc3 Rd7 35.Qf2 Nf5 36.Qf3 Rcd5 37.Rc4 Bxe5
38.Rc8+ Rd8 39.Rxd8+ Rxd8 40.Re1 Bd4+ 41.Kh1 Qf6 42.Bxd4 Qh4+ 43.Kg2 Qg5+  0-1

[Event "Gothenburg"]
[Site "Gothenburg"]
[Date "1971.??.??"]
[Round "8"]
[White "Andersson, Ulf"]
[Black "Liljedahl, Lennart"]
[Result "1-0"]
[WhiteElo "2510"]
[BlackElo "2200"]

1.Nf3 Nf6 2.g3 g6 3.Bg2 Bg7 4.c4 c5 5.O-O Nc6 6.Nc3 O-O 7.d4 cxd4 8.Nxd4 Nxd4
9.Qxd4 d6 10.Qd3 a6 11.Bd2 Rb8 12.Rac1 Bd7 13.b3 Qb6 14.e4 Rfc8 15.Be3 Qa5
16.Ba7 Ra8 17.Bd4 Bc6 18.Rc2 Rd8 19.Nd5 Nxd5 20.exd5 Bd7 21.Bxg7 Kxg7 22.Re2 Re8
23.Rfe1 Rac8 24.Bf1 e6 25.dxe6 Rxe6 26.Rd1 Rce8 27.Rdd2 Bc6 28.h3 Rxe2 29.Bxe2 Re6
30.Kh2 Qe5 31.Bf3 h5 32.Kg2 a5 33.Bd5 Bxd5+ 34.Qxd5 Qxd5+ 35.Rxd5 a4 36.Kf3 axb3
37.axb3 Kf8 38.Rb5 Re7 39.Rb6 Rd7 40.Ke4 Ke8 41.Kd5 Ke7 42.f4 Ke8 43.Rxd6 Re7
44.Kd4 Re1 45.Rb6  1-0

[Event "Gothenburg"]
[Site "Gothenburg"]
[Date "1971.??.??"]
[Round "10"]
[White "Andersson, Ulf"]
[Black "Pomar Salamanca, Arturo"]
[Result "1/2-1/2"]
[WhiteElo "2510"]
[BlackElo "2510"]

1.Nf3 d5 2.b3 Nf6 3.Bb2 c5 4.e3 Nc6 5.Bb5 Bd7 6.O-O e6 7.Bxc6 Bxc6 8.Ne5 Rc8
9.d3 Bd6 10.f4 O-O 11.Nd2 Qe7 12.Rf3 Nd7 13.Rh3 Bxe5 14.fxe5 f5 15.exf6 Nxf6
16.Nf3 Nd7 17.Qe2 e5 18.Nxe5 Nxe5 19.Qh5 Rce8 20.Qxh7+ Kf7 21.Qh5+ Kg8 22.Qh7+ Kf7
23.Rg3 Ke6 24.Bxe5 Kxe5 25.Rxg7 Qe6 26.Rg6 Rf6 27.Qc7+ Kf5 28.Rxf6+ Kxf6
29.Rf1+ Kg6 30.Qg3+ Kh6 31.Qf4+ Kg7 32.Qg3+ Kh7 33.Qh4+ Kg8 34.Qg5+ Kh7 35.Rf3 Rg8
36.Qh5+ Kg7 37.Qg5+ Kh7 38.Qh5+ Kg7 39.Qg5+  1/2-1/2

[Event "Gothenburg"]
[Site "Gothenburg"]
[Date "1971.??.??"]
[Round "11"]
[White "Czerniak, Moshe"]
[Black "Andersson, Ulf"]
[Result "0-1"]
[WhiteElo "2380"]
[BlackElo "2510"]

1.e4 g6 2.d4 Bg7 3.c3 c6 4.Bd3 d6 5.f4 e5 6.Nf3 Bg4 7.Be3 Qb6 8.Qb3 Bxf3
9.Qxb6 axb6 10.gxf3 exd4 11.cxd4 Na6 12.Nc3 Nc7 13.a3 Nf6 14.Kf2 Bh6 15.Rhg1 Ne6
16.e5 Nh5 17.Ne4 dxe5 18.fxe5 Bxe3+ 19.Kxe3 Ke7 20.Bc4 Nhg7 21.Bxe6 Kxe6
22.Nc3 Rhd8 23.Rgd1 Rd7 24.Rd3 f6 25.f4 fxe5 26.fxe5 Rf8 27.Re1 Nf5+ 28.Ke4 Ne7
29.Red1 Nd5 30.Nxd5 Rxd5 31.Rh3 Rd7 32.Rdd3 Rf1 33.b4 Rdf7 34.Rdf3 R1xf3
35.Rxf3 Rxf3 36.Kxf3 c5 37.dxc5 bxc5 38.Ke4 cxb4 39.axb4 g5 40.Kd4 h5  0-1

[Event "Hastings7172"]
[Site "Hastings"]
[Date "1971.??.??"]
[Round "1"]
[White "Kortschnoj, Viktor"]
[Black "Andersson, Ulf"]
[Result "0-1"]
[WhiteElo "2670"]
[BlackElo "2510"]

1.d4 Nf6 2.c4 e6 3.Nf3 Bb4+ 4.Bd2 Qe7 5.g3 O-O 6.Bg2 Bxd2+ 7.Nbxd2 d6 8.Nf1 Nbd7
9.Ne3 Ne4 10.O-O f5 11.Ne1 Ndf6 12.f3 Ng5 13.Qd2 h6 14.Rc1 c5 15.N1c2 b6
16.Rfd1 Bb7 17.b4 Rad8 18.d5 g6 19.dxe6 Nxe6 20.Rb1 Kh7 21.Nd5 Bxd5 22.cxd5 Nc7
23.e4 fxe4 24.fxe4 Na6 25.a3 Rde8 26.Rf1 Nd7 27.Bh3 Ne5 28.Qe2 Nc7 29.Ne3 Rxf1+
30.Rxf1 Rf8 31.Rf4 Ne8 32.Ng2 Ng7 33.Qf1 Rf7 34.bxc5 bxc5 35.Ne3 Nh5 36.Rxf7+ Nxf7
37.Nc4 Ng7 38.Qf4 Nh5 39.Qh4 Nf6 40.Bg2 Ne5 41.Ne3 Kg7 42.g4 Nxd5 43.g5 Nxe3
44.gxh6+ Kf8 45.Qf4+ Kg8 46.Qxe3 Kh7 47.Qf4 c4 48.Qd2 Qc7 49.Qc3 Qb6+ 50.Kf1 Qb3  0-1

[Event "Hastings7172"]
[Site "Hastings"]
[Date "1971.??.??"]
[Round "2"]
[White "Andersson, Ulf"]
[Black "Keene, Raymond D"]
[Result "1/2-1/2"]
[WhiteElo "2510"]
[BlackElo "2465"]

1.e4 g6 2.d4 d6 3.Nf3 Nf6 4.Nc3 Bg7 5.Be2 O-O 6.O-O Bg4 7.Be3 Nc6 8.Qd2 Re8
9.d5 Bxf3 10.Bxf3 Ne5 11.Be2 c6 12.Bd4 Qa5 13.Rad1 Ned7 14.Rfe1 a6 15.a3 c5
16.Be3 b5 17.f3 Rab8 18.Bf1 Rec8 19.Rb1 Ne8 20.Ne2 Qc7 21.b3 Qa7 22.g3 Ne5
23.Kg2 Nf6 24.h3  1/2-1/2

[Event "Hastings7172"]
[Site "Hastings"]
[Date "1971.??.??"]
[Round "3"]
[White "Markland, Peter R"]
[Black "Andersson, Ulf"]
[Result "1/2-1/2"]
[WhiteElo "2510"]
[BlackElo "2510"]

1.c4 Nf6 2.g3 c6 3.Nf3 d5 4.b3 Bg4 5.Bg2 Nbd7 6.Bb2 e6 7.O-O Bd6 8.d4 Bxf3
9.Bxf3 O-O 10.Nd2 Re8 11.e4 dxe4 12.Nxe4 Nxe4 13.Bxe4 e5 14.Qc2 Nf6 15.dxe5 Bxe5
16.Rad1  1/2-1/2

[Event "Hastings7172"]
[Site "Hastings"]
[Date "1971.??.??"]
[Round "5"]
[White "Pfleger, Helmut"]
[Black "Andersson, Ulf"]
[Result "1/2-1/2"]
[WhiteElo "2515"]
[BlackElo "2510"]

1.d4 Nf6 2.Nf3 g6 3.g3 Bg7 4.Bg2 O-O 5.O-O d5 6.Nbd2 c6 7.c3 Bf5 8.h3 Ne4
9.g4 Nxd2 10.Nxd2 Be6 11.f4 f5 12.g5 Nd7 13.b3 c5 14.Nf3 Rc8 15.Be3 Qa5 16.Qd2 Bf7
17.Rfc1 b6 18.a4 Rc7 19.Kh2 Rfc8 20.Ne5 Nxe5 21.fxe5 Qa6 22.Kg3 Qb7 23.Kf4 Qb8
24.h4 Rc6  1/2-1/2

[Event "Hastings7172"]
[Site "Hastings"]
[Date "1971.??.??"]
[Round "6"]
[White "Andersson, Ulf"]
[Black "Gligoric, Svetozar"]
[Result "1/2-1/2"]
[WhiteElo "2510"]
[BlackElo "2600"]

1.Nf3 Nf6 2.g3 g6 3.Bg2 Bg7 4.O-O O-O 5.d4 d5 6.Nbd2 Bf5 7.c4 c6 8.b3 Ne4
9.Bb2 Qa5 10.e3 Nd7 11.Nxe4 Bxe4 12.Qe2 Nf6 13.Rfc1 e6 14.Bf1 Bxf3 15.Qxf3 Ne4
16.Qe2 Rfe8 17.Rc2 Rad8 18.a3  1/2-1/2

[Event "Hastings7172"]
[Site "Hastings"]
[Date "1971.??.??"]
[Round "7"]
[White "Byrne, Robert E"]
[Black "Andersson, Ulf"]
[Result "1-0"]
[WhiteElo "2510"]
[BlackElo "2510"]

1.e4 e6 2.d4 d5 3.Nc3 Bb4 4.e5 Qd7 5.Ne2 b6 6.a3 Bf8 7.Be3 Ba6 8.g4 c5 9.Bg2 Nc6
10.f4 h5 11.h3 hxg4 12.hxg4 Rxh1+ 13.Bxh1 Rc8 14.Bf3 Na5 15.Bf2 Ne7 16.b4 Nb7
17.Qd2 Bc4 18.Nd1 Nc6 19.c3 cxb4 20.axb4 a5 21.bxa5 Nbxa5 22.Rb1 b5 23.Ne3 b4
24.Nxc4 Nxc4 25.Qd3 bxc3 26.Nxc3 Nb4 27.Qd1 Nxe5 28.dxe5 Rxc3 29.Kf1 Rc4
30.Qd2 Be7 31.Be2 Rc2 32.Qxc2 Nxc2 33.Bb5 Nb4 34.Bxd7+ Kxd7 35.Ke2 g5 36.f5 Nc6
37.f6 Bb4 38.Be3 Kc7 39.Bxg5 Bc3 40.Rh1 Bxe5 41.Rh7 Nd8 42.Bh4 Kd6  1-0

[Event "Hastings7172"]
[Site "Hastings"]
[Date "1971.??.??"]
[Round "8"]
[White "Andersson, Ulf"]
[Black "Kurajica, Bojan"]
[Result "1-0"]
[WhiteElo "2510"]
[BlackElo "2490"]

1.e4 c6 2.d4 d5 3.Nc3 dxe4 4.Nxe4 Nf6 5.Nxf6+ exf6 6.Bc4 Bd6 7.Qe2+ Be7 8.Nf3 O-O
9.O-O Bd6 10.Re1 Qc7 11.h3 c5 12.Be3 Nd7 13.Rad1 a6 14.dxc5 Bxc5 15.Bxc5 Nxc5
16.Qe7 Qxe7 17.Rxe7 Ne6 18.Rd6 h6 19.c3 Rb8 20.Nd4 b5 21.Bxe6 fxe6 22.Nxe6 Bxe6
23.Rdxe6 Ra8 24.g3 Rf7 25.Re8+ Rf8 26.Rxa8 Rxa8 27.Rb6 Kf7 28.Kg2 Ra7 29.Kf3 h5
30.a3 Kg6 31.Rd6 Kf5 32.Rd5+ Kg6 33.g4 hxg4+ 34.hxg4 Re7 35.Rd6 Re1 36.Rxa6 Rb1
37.b4 Rb3 38.Rc6 Rxa3 39.Rc5 Rb3 40.Kf4 Ra3 41.f3 Rb3  1-0

[Event "Hastings7172"]
[Site "Hastings"]
[Date "1971.??.??"]
[Round "9"]
[White "Botterill, George Steven"]
[Black "Andersson, Ulf"]
[Result "1/2-1/2"]
[WhiteElo "2410"]
[BlackElo "2510"]

1.e4 c5 2.Nf3 d6 3.d4 cxd4 4.Nxd4 Nf6 5.Nc3 Nc6 6.Bc4 Bd7 7.Bb3 g6 8.f3 Nxd4
9.Qxd4 Bg7 10.Bg5 O-O 11.Qe3 a5 12.a4 Rc8 13.O-O Rc5 14.Rfd1 Re8 15.Qd2 Qa8
16.Be3 Rcc8 17.Nb5 Qa6 18.Nd4 Bc6 19.c3 Nd7 20.Bc2 Ne5 21.b3 Bd7 22.h3 Qa8
23.f4 Nc6 24.Nb5 Nd8 25.Nd4 Ne6 26.Rac1 Rc7 27.Nxe6 Bxe6 28.c4 Bb2 29.Rb1 Ba3
30.f5 Bd7 31.Kh2 Bb4 32.Qd3 Bc6 33.Rf1 e6 34.fxg6 fxg6 35.Bh6  1/2-1/2

[Event "Hastings7172"]
[Site "Hastings"]
[Date "1971.??.??"]
[Round "10"]
[White "Andersson, Ulf"]
[Black "Unzicker, Wolfgang"]
[Result "1/2-1/2"]
[WhiteElo "2510"]
[BlackElo "2545"]

1.Nf3 Nf6 2.g3 g6 3.Bg2 Bg7 4.O-O O-O 5.d4 d5 6.Bf4 Nbd7 7.c3 c6 8.Nbd2 Re8
9.Re1 Nh5 10.Be3 Nhf6 11.Qb3 Ng4 12.Bf4 e5 13.dxe5 Ngxe5 14.Nxe5 Nxe5 15.Rad1 Qb6
16.Bxe5 Bxe5 17.e4 dxe4 18.Rxe4 Qxb3 19.Nxb3 Bf5 20.Ree1 Bf6 21.Nc5 Rxe1+
22.Rxe1 Rd8 23.Nxb7 Rd2 24.Bxc6 Rxb2 25.Nd6 Bh3 26.Bg2 Be6 27.Ne4 Be7 28.a4 Ra2
29.h4 Rxa4 30.Ng5 Bxg5 31.hxg5 Ra5 32.f4 Ra3 33.Rc1 Bc4 34.Bf1  1/2-1/2

[Event "Hastings7172"]
[Site "Hastings"]
[Date "1971.??.??"]
[Round "11"]
[White "Hartston, William R"]
[Black "Andersson, Ulf"]
[Result "1/2-1/2"]
[WhiteElo "2390"]
[BlackElo "2510"]

1.e4 e6 2.d4 d5 3.Nc3 Bb4 4.e5 Qd7 5.Bd2 b6 6.a3 Bf8 7.Nf3 Ne7 8.Bd3 Ba6
9.Bxa6 Nxa6 10.Qe2 Nb8 11.Nd1 c5 12.dxc5 bxc5 13.c4 Nbc6 14.O-O Rb8 15.Rb1 Nf5
16.cxd5 Qxd5 17.Nc3 Nfd4 18.Nxd4 Qxd4 19.Rfe1 Be7 20.Qf3 O-O 21.Bf4 Rb6 22.b3 Qd7
23.Na4 Nd4 24.Qc3 Rb5 25.Be3 Rfb8 26.b4 a5 27.Rbc1 axb4 28.axb4 Rxb4 29.Nxc5  1/2-1/2

[Event "Hastings7172"]
[Site "Hastings"]
[Date "1971.??.??"]
[Round "12"]
[White "Andersson, Ulf"]
[Black "Karpov, Anatoly"]
[Result "1/2-1/2"]
[WhiteElo "2510"]
[BlackElo "2540"]

1.Nf3 Nf6 2.g3 c5 3.Bg2 g6 4.O-O Bg7 5.c4 d5 6.d4 cxd4 7.Nxd4 O-O 8.cxd5 Nxd5
9.Nb5 a6 10.N1c3 axb5 11.Nxd5 Nc6 12.Bg5 Bxb2 13.Rb1 Bg7 14.Nxe7+ Nxe7  1/2-1/2

[Event "Hastings7172"]
[Site "Hastings"]
[Date "1971.??.??"]
[Round "13"]
[White "Ciocaltea, Victor"]
[Black "Andersson, Ulf"]
[Result "1/2-1/2"]
[WhiteElo "2460"]
[BlackElo "2510"]

1.e4 g6 2.d4 Bg7 3.Nc3 d6 4.Be3 c6 5.Qd2 b5 6.f3 a6 7.h4 h5 8.Nh3 Nd7 9.Ng5 Qc7
10.Be2 Ngf6 11.a4 Bb7 12.O-O O-O 13.f4 e5 14.dxe5 dxe5 15.f5 gxf5 16.Rxf5 b4
17.Nd1 c5 18.Nf2 a5 19.b3 Ba6 20.g4 c4 21.gxh5 cxb3 22.cxb3 Qc3 23.Rd1 Qxd2
24.Rxd2  1/2-1/2

[Event "Hastings7273"]
[Site "Hastings"]
[Date "1972.??.??"]
[Round "2"]
[White "Westerinen, Heikki MJ"]
[Black "Andersson, Ulf"]
[Result "1-0"]
[WhiteElo "2450"]
[BlackElo "2535"]

1.e4 g6 2.d4 Bg7 3.c4 d6 4.Nc3 Nd7 5.Nf3 e5 6.Be2 Nh6 7.h4 c6 8.c5 exd4 9.Bxh6 Bxh6
10.Qxd4 O-O 11.cxd6 Bg7 12.Qe3 b5 13.Rd1 Qa5 14.Nd4 Bb7 15.Nb3 Qb6 16.Qh3 Rad8
17.h5 Rfe8 18.hxg6 hxg6 19.f4 Nf8 20.e5 f6 21.Na4 bxa4 22.Bc4+ Ne6 23.Bxe6+ Kf8
24.Nd4 Qxb2 25.Qh7 Qc3+ 26.Kf2  1-0

[Event "Hastings7273"]
[Site "Hastings"]
[Date "1972.??.??"]
[Round "4"]
[White "Andersson, Ulf"]
[Black "Mestel, A Jonathan"]
[Result "1/2-1/2"]
[WhiteElo "2535"]
[BlackElo "2200"]

1.Nf3 Nc6 2.d4 d6 3.e4 Bg4 4.Be3 Nf6 5.Nc3 e5 6.Bb5 exd4 7.Qxd4 Be7 8.h3 Be6
9.Nd5 O-O 10.Bxc6 bxc6 11.Nxe7+ Qxe7 12.Bg5 c5 13.Bxf6 Qxf6 14.Qxf6 gxf6
15.Nd2 a5 16.Ke2 Rfb8 17.b3 a4 18.g4 Kf8 19.Kd3 Rb4 20.Rhe1 Rab8 21.Rac1 Ke7
22.c4 Rh8 23.f3 Ra8 24.Rc2 Rab8 25.Ke3 Rg8 26.Kf4 Bd7 27.Re3 Ra8 28.Nf1 axb3
29.axb3 Ra1 30.Ng3 Rb1 31.Rcc3 Rb8 32.h4 Ra8 33.Rcd3 Be6 34.Rc3 Ra2 35.Re2 Ra3
36.Ree3 Ra2 37.Re2 Ra3 38.Ree3  1/2-1/2

[Event "Hastings7273"]
[Site "Hastings"]
[Date "1972.??.??"]
[Round "5"]
[White "Rajkovic, Dusan"]
[Black "Andersson, Ulf"]
[Result "1/2-1/2"]
[WhiteElo "2390"]
[BlackElo "2535"]

1.d4 Nf6 2.c4 e6 3.g3 Bb4+ 4.Nd2 O-O 5.Bg2 d6 6.Nf3 c5 7.O-O Nc6 8.Nb3 cxd4
9.Nfxd4 d5 10.cxd5 exd5 11.Bg5 Be7 12.Nxc6 bxc6 13.Rc1 Bd7 14.Nc5 Rb8 15.b3 Re8
16.Qd3 Bg4 17.Rfe1 Rb5 18.Na4 Qd7 19.Bxf6 Bxf6 20.e4 h5 21.Rc5 dxe4 22.Qxd7 Bxd7
23.Rc4 Bf5 24.Rxc6 Rd5 25.Nc3 Bxc3 26.Rxc3 Rd2 27.a3 Bg6 28.Rc4 Rb2 29.b4 Ra2
30.Rc3 Re5 31.f3 Rd5 32.fxe4 Rdd2 33.Bf3 Rxh2 34.Rce3 Rhd2 35.R1e2 Rxe2 36.Bxe2 Rd2
37.Kf2 Kf8 38.Ke1 Ra2 39.e5 Ke7 40.Rc3 Ra1+ 41.Kf2 Ke6 42.Rc6+ Kxe5 43.Ra6 h4  1/2-1/2

[Event "Hastings7273"]
[Site "Hastings"]
[Date "1972.??.??"]
[Round "6"]
[White "Andersson, Ulf"]
[Black "Hartston, William R"]
[Result "0-1"]
[WhiteElo "2535"]
[BlackElo "2420"]

1.Nf3 g6 2.e4 d6 3.d4 Nf6 4.Nbd2 Bg7 5.Bd3 O-O 6.O-O Nc6 7.c3 e5 8.dxe5 Nxe5
9.Nxe5 dxe5 10.Qe2 Bh6 11.Rd1 Qe7 12.b4 Bg4 13.f3 Be6 14.Bb2 a5 15.a3 Nh5
16.g3 Rfd8 17.Kh1 Rd7 18.Bc2 Rad8 19.Nf1 Rxd1 20.Rxd1 Rxd1 21.Qxd1 Bc4 22.Nd2 Bxd2
23.Qxd2 Qe6 24.Kg2 Kg7 25.Bc1 Bb3 26.Bd3 Bc4 27.Bb1 Nf6 28.Qd8 Qa6 29.Kf2 Bf1
30.Qd1 Bc4 31.Bc2 Be6 32.Kg2 h6 33.Be3 g5 34.Qd2 Ne8 35.Qd8 Nf6 36.Qxc7 Bh3+  0-1

[Event "Hastings7273"]
[Site "Hastings"]
[Date "1972.??.??"]
[Round "7"]
[White "Stean, Michael"]
[Black "Andersson, Ulf"]
[Result "1/2-1/2"]
[WhiteElo "2275"]
[BlackElo "2535"]

1.e4 e6 2.d4 d5 3.Nc3 Bb4 4.e5 b6 5.Bd2 Qd7 6.Nf3 Ba6 7.Bxa6 Nxa6 8.Qe2 Nb8
9.O-O Nc6 10.a3 Bf8 11.Qd3 Nge7 12.Ne2 Ng6 13.Rac1 Be7 14.c4 Rc8 15.cxd5 Qxd5
16.Nc3 Qd7 17.Qe4 Na5 18.d5 O-O 19.Rcd1 Rfd8 20.Bg5 Nb3 21.Qc2 Na5 22.Qe4 Nb3
23.Qc2 Na5  1/2-1/2

[Event "Hastings7273"]
[Site "Hastings"]
[Date "1972.??.??"]
[Round "8"]
[White "Andersson, Ulf"]
[Black "Eley, Brian"]
[Result "1/2-1/2"]
[WhiteElo "2535"]
[BlackElo "2345"]

1.Nf3 d6 2.d4 Nf6 3.c4 g6 4.Nc3 Bg7 5.g3 O-O 6.Bg2 Nc6 7.O-O h6 8.d5 Na5
9.b3 c5 10.Bb2 a6 11.Nd2 Bd7 12.Qc2 b5 13.Rab1 bxc4 14.bxc4 Rb8 15.Nce4 Nxe4
16.Bxe4 Rxb2 17.Rxb2 Bxb2 18.Qxb2 Qb8 19.Qc2 Kh7 20.Rb1 Qc7 21.Qb2 Ra8 22.f4 Ra7
23.Qb6 Qxb6 24.Rxb6 Kg7 25.Bd3 Kf8 26.Kf2 Nb7 27.e4 Ke8 28.Ke3 Kd8 29.e5 Kc7
30.Rb2 Bf5 31.Bxf5 gxf5 32.Nf3 Ra8 33.Kd3 Rd8 34.Kc3 e6 35.Rd2 Rg8 36.Re2 Re8
37.Re3 Kd7 38.Nd2 Rg8 39.Nb3 Rg7 40.Rd3 Rg8 41.Nc1 h5 42.Re3 Rh8 43.Nd3 exd5
44.cxd5 h4 45.exd6 Kxd6 46.Ne5 Nd8 47.Rd3 hxg3 48.hxg3 Rh2 49.Nc4+ Kd7 50.a3 Rg2
51.Kb3 f6 52.Re3 Nb7 53.Re6 Rxg3+ 54.Kc2 Rf3 55.Rxf6 Rxf4 56.Ne5+ Kc7 57.Rc6+ Kd8
58.d6 Re4 59.Nf7+ Ke8  1/2-1/2

[Event "Hastings7273"]
[Site "Hastings"]
[Date "1972.??.??"]
[Round "10"]
[White "Andersson, Ulf"]
[Black "Wade, Robert Graham"]
[Result "1-0"]
[WhiteElo "2535"]
[BlackElo "2375"]

1.Nf3 e6 2.b3 Nf6 3.Bb2 b6 4.g3 Bb7 5.Bg2 c5 6.O-O Be7 7.c4 O-O 8.e3 d6 9.Qe2 Qd7
10.Rd1 Bc6 11.Nc3 Qb7 12.d4 Na6 13.Ne1 Nc7 14.Bxc6 Qxc6 15.e4 cxd4 16.Rxd4 a6
17.Rad1 Qb7 18.Ba3 b5 19.Bxd6 Bxd6 20.Rxd6 bxc4 21.bxc4 Qb4 22.Nb1 e5 23.R6d2 Ne6
24.Nf3 Qc5 25.Nc3 Ra7 26.Nd5 Nd7 27.Qe3 Qxe3 28.Nxe3 Nec5 29.Rd5 f6 30.Nd2 Ne6
31.Nb3 Nb8 32.h4 Nc6 33.Nc2 Rc8 34.Rd6 Re7 35.R1d5 a5 36.Nxa5 Nxa5 37.Rxa5 Rxc4
38.Ne3 Rxe4 39.Nf5 Re8 40.Ra7 Nd4 41.Nxg7 Rc8 42.Nh5 Re1+ 43.Kg2 Nb5 44.Rg7+  1-0

[Event "Hastings7273"]
[Site "Hastings"]
[Date "1972.??.??"]
[Round "11"]
[White "Uhlmann, Wolfgang"]
[Black "Andersson, Ulf"]
[Result "1/2-1/2"]
[WhiteElo "2530"]
[BlackElo "2535"]

1.c4 c5 2.Nf3 Nf6 3.Nc3 g6 4.e4 Nc6 5.d4 cxd4 6.Nxd4 Nxd4 7.Qxd4 d6 8.Be2 Bg7
9.Bg5 h6 10.Be3 O-O 11.Qd2 Kh7 12.O-O Be6 13.Rac1 Qa5 14.b3 a6 15.f3 Rfc8
16.a4 Nd7 17.Rc2 Nc5 18.Rb1 Qb4 19.Nd5 Qxd2 20.Rxd2 Bxd5 21.Rxd5 a5 22.Bd1 Rc6
23.Bc2 e6 24.Rdd1 Na6 25.e5 d5 26.Bd3 Nb4 27.Bd4 Nxd3 28.cxd5 exd5 29.Rxd3 Rac8
30.f4 Rc2 31.Rb2 Rc1+ 32.Kf2 Rh1 33.Rc3 Rxc3 34.Bxc3 Rxh2 35.Rd2 Rh4 36.g3 Rh2+
37.Ke3 Rxd2 38.Bxd2 g5 39.Bxa5 Kg6 40.Bc3 gxf4+ 41.Kxf4 h5 42.b4 Bh6+ 43.Kf3 Kf5
44.a5 Ke6 45.b5 Kd7 46.Be1 Bc1 47.Bc3 Bg5 48.Bd4 Bd2 49.Bb6 Bc3 50.Kf4 d4
51.Ke4 d3 52.Kxd3 Bxe5 53.Bf2 Bc7 54.Be1 f5 55.Ke3 Bd6 56.Kf3 Be5 57.Bd2 Bd6
58.Kg2 Be5 59.Kh3 Bf6 60.Bf4 Bc3  1/2-1/2

[Event "Hastings7273"]
[Site "Hastings"]
[Date "1972.??.??"]
[Round "13"]
[White "Tukmakov, Vladimir B"]
[Black "Andersson, Ulf"]
[Result "1-0"]
[WhiteElo "2560"]
[BlackElo "2535"]

1.d4 Nf6 2.c4 g6 3.Nc3 Bg7 4.e4 d6 5.f3 Nc6 6.Be3 a6 7.Qd2 Rb8 8.O-O-O O-O
9.h4 e5 10.Nge2 h5 11.Kb1 exd4 12.Nxd4 Nxd4 13.Bxd4 Be6 14.Be2 c5 15.Be3 b5
16.Bh6 Bxh6 17.Qxh6 Qe7 18.cxb5 axb5 19.Bxb5 Rb6 20.Qd2 Ra8 21.Qd3 Qb7 22.a4 Ra5
23.Rd2 Bb3 24.Re1 Nd7 25.f4 Nf8 26.e5 d5 27.f5 Rbxb5 28.Nxb5 Bc4 29.Qc3 Rxa4
30.Na3 d4 31.Qc2 Bb3 32.Qxc5 Nd7 33.Qe7 Bd5 34.e6 fxe6 35.fxg6 Nf8 36.Qxb7 Bxb7
37.Nc2 Nxg6 38.Nxd4 e5 39.Nf3 e4 40.Ng5  1-0

[Event "Las Palmas"]
[Site "Las Palmas"]
[Date "1972.??.??"]
[Round "2"]
[White "Medina Garcia, Antonio Angel"]
[Black "Andersson, Ulf"]
[Result "1-0"]
[WhiteElo "2380"]
[BlackElo "2535"]

1.e4 g6 2.d4 Bg7 3.Nf3 d6 4.Bc4 Nf6 5.Nc3 O-O 6.O-O Nxe4 7.Bxf7+ Rxf7 8.Nxe4 h6
9.h3 d5 10.Nc5 Nc6 11.c3 Qf8 12.Ne5 Nxe5 13.dxe5 c6 14.f4 b6 15.Nb3 g5 16.Nd4 c5
17.Nf3 Ba6 18.Re1 gxf4 19.Qxd5 Qd8 20.Qe6 Qd3 21.Bxf4 Rf8 22.Rad1 Qh7 23.Bg3 Bc8
24.Qd5 Qg6 25.Kh2 h5 26.Nh4 Qh6 27.Qe4 Be6 28.b3 Qh7 29.Qg6 Bf5 30.Qxh7+ Bxh7
31.Rd7 e6 32.Red1 Be4 33.Rxf7 Rxf7 34.Rd6 Re7 35.Nf3 Bxf3 36.gxf3 Kf7 37.f4 Kg6
38.Kg2 Kf5 39.Kf3 Bh6 40.Rd8  1-0

[Event "Las Palmas"]
[Site "Las Palmas"]
[Date "1972.??.??"]
[Round "8"]
[White "Tatai, Stefano"]
[Black "Andersson, Ulf"]
[Result "1/2-1/2"]
[WhiteElo "2460"]
[BlackElo "2535"]

1.e4 e6 2.d4 d5 3.Nd2 dxe4 4.Nxe4 Nd7 5.Nf3 Ngf6 6.Nxf6+ Nxf6 7.Bd3 Be7 8.Bg5 O-O
9.Qe2 Nd5 10.h4 h6 11.Bxe7 Qxe7 12.O-O-O c5 13.g4 cxd4 14.Qe4 g6 15.h5 Nf6
16.Qf4 g5 17.Qxd4 b6 18.Rhe1 Bb7 19.Ne5 Rfd8 20.Qa4 Nd5 21.Be4 a6 22.Kb1 b5
23.Qb3 Nf4 24.Qf3 Rxd1+ 25.Rxd1 Bxe4 26.Qxe4 Rd8 27.Rxd8+ Qxd8 28.a4 Qd1+
29.Ka2 Nd5 30.axb5 axb5 31.Kb3 Qd2 32.Nf3 Qa5 33.Qd4 Qa1 34.Ne5 Qa6 35.Nd3 Qa1
36.Ne5 Qa6 37.Nd3 Qa8 38.Ne5 Qa6  1/2-1/2

[Event "Las Palmas"]
[Site "Las Palmas"]
[Date "1972.??.??"]
[Round "10"]
[White "Dominguez Sanz, Juan P"]
[Black "Andersson, Ulf"]
[Result "0-1"]
[WhiteElo "2200"]
[BlackElo "2535"]

1.e4 e6 2.d4 d5 3.Nc3 Bb4 4.Bd2 Nc6 5.a3 Bxc3 6.bxc3 dxe4 7.Qg4 Nf6 8.Qxg7 Rg8
9.Qh6 b6 10.Nh3 Bb7 11.Be2 Rg6 12.Qh4 Ne7 13.Nf4 Nf5 14.Qh3 Rg8 15.Rf1 Qe7
16.g4 Nd6 17.c4 e5 18.dxe5 Qxe5 19.Qc3 Nxg4 20.h3 Qxc3 21.Bxc3 Nh2 22.Rh1 Nf3+
23.Kd1 O-O-O 24.Kc1 Nf5 25.Kb2 N5d4 26.Bf1 Rge8 27.a4 Re5 28.a5 Rf5 29.Ng2 Ne5
30.axb6 axb6 31.Rd1 Ndc6 32.Rxd8+ Kxd8 33.Be1 Nf3 34.Ne3 Rg5 35.Bc3 Ncd4
36.Bg2 Ke8 37.Rd1 Ne6 38.Ng4 Bc8 39.Bf1 f5 40.Nf6+ Kf7 41.Nd5 Rg1 42.Ra1 Bb7
43.Rd1 Bc6 44.Ne3 f4 45.Ng4 h5 46.Nh6+ Kf8 47.Nf5 Be8 48.Ra1 Nh2 49.Be2 Rxa1
50.Kxa1 f3 51.Bd1 Nf1 52.Kb2 Bg6 53.Nd4 Nxd4 54.Bxd4 Bf5 55.h4 Ke7 56.Kc3 c5
57.Be5 Bg4 58.Bf4 Kf6 59.Bc7 Ke6  0-1